Catálogo
 En Linea

Estática de las construcciones : (Registro nro. 20977)

Detalles MARC
000 -CABECERA
campo de control de longitud fija 00811nam a2200229 a 4500
001 - NÚMERO DE CONTROL
campo de control 000021477
005 - FECHA Y HORA DE LA ÚLTIMA TRANSACCIÓN
campo de control 20200930011336.0
008 - DATOS DE LONGITUD FIJA--INFORMACIÓN GENERAL
campo de control de longitud fija 100908s1983 dr 000 0 spa d
040 ## - FUENTE DE LA CATALOGACIÓN
Centro catalogador/agencia de origen DO-SdBNP
Lengua de catalogación spa
Centro/agencia transcriptor BNPHU
082 ## - NÚMERO DE LA CLASIFICACIÓN DECIMAL DEWEY
Número de clasificación 531.12
Número de documento/Ítem P418e
049 ## - FONDOS LOCALES (OCLC)
Fondos de biblioteca BNPD
100 1# - ENTRADA PRINCIPAL--NOMBRE DE PERSONA
Nombre de persona Penzo F., Mario
9 (RLIN) 44787
245 10 - MENCIÓN DE TÍTULO
Título Estática de las construcciones :
Resto del título apuntes de una cátedra /
Mención de responsabilidad, etc. Mario Penzo F. ; prólogo Leonte Bernard V.
260 ## - PUBLICACIÓN, DISTRIBUCIÓN, ETC.
Lugar de publicación, distribución, etc. Santo Domingo :
Nombre del editor, distribuidor, etc. Amigo del Hogar,
Fecha de publicación, distribución, etc. 1983.
300 ## - DESCRIPCIÓN FÍSICA
Extensión 395 p. :
Otras características físicas graf. ;
Dimensiones 29 cm.
500 ## - NOTA GENERAL
Nota general Incluye índice alfabético
500 ## - NOTA GENERAL
Nota general Incluye datos biográficos del autor en la solapa de la cubierta
504 ## - NOTA DE BIBLIOGRAFÍA, ETC.
Nota de bibliografía, etc. Incluye referencias bibliográficas ( p. 389)
650 #4 - PUNTO DE ACCESO ADICIONAL DE MATERIA--TÉRMINO DE MATERIA
Término de materia o nombre geográfico como elemento de entrada Estática
9 (RLIN) 38392
650 #4 - PUNTO DE ACCESO ADICIONAL DE MATERIA--TÉRMINO DE MATERIA
Término de materia o nombre geográfico como elemento de entrada Mecánica
9 (RLIN) 44788
700 1# - PUNTO DE ACCESO ADICIONAL--NOMBRE DE PERSONA
Nombre de persona Bernard V., Leonte,
Término indicativo de función/relación pról.
9 (RLIN) 44789
Existencias
Estado de retiro Estado de pérdida No para préstamo Código de colección Localización permanente Ubicación/localización actual Ubicación en estantería Fecha de adquisición Número de inventario Total de préstamos Signatura topográfica completa Código de barras Fecha visto por última vez Precio válido a partir de Tipo de ítem Koha Número de copia
    Excluido de préstamo Patrimonio Dominicano Patrimonio Dominicano Patrimonio Dominicano En catalogación 08.09.2010 LF1   531.12 P418e 21477-10 25.06.2020 25.06.2020 Libro y Folleto Colección Patrimonio Dominicano  
    Excluido de préstamo Patrimonio Dominicano Patrimonio Dominicano Patrimonio Dominicano En catalogación 08.09.2010 LF1   531.12 P418e 21477-20 25.06.2020 25.06.2020 Libro y Folleto Colección Patrimonio Dominicano e.2

Con tecnología Koha